|
|
|
|
| LEADER |
00000cam a2200000 7i4500 |
| 001 |
0000002361 |
| 005 |
20030530.0 |
| 020 |
0 |
0 |
|a 9024733790
|
| 090 |
0 |
0 |
|a 634.95
|b SHE 1986
|
| 100 |
1 |
0 |
|a SHEPERD
|h K. R. [
|q (Kenneth Ronald)]
|
| 245 |
1 |
0 |
|a Plantation silviculture
|c Kenneth R. Shepherd
|
| 260 |
0 |
0 |
|a Dordrecht; Boston :
|b M. Nijhoff;
|a Norwell, MA, USA :
|b Distributors for the U.S. and Canada, Kluwer Academic Publishers ,
|c 1986
|
| 300 |
|
|
|a xiii, 322 p. :
|b ill. ;
|c 25 cm.
|
| 440 |
0 |
0 |
|a Forestry sciences
|
| 500 |
0 |
0 |
|a Bibliography: p. 297-322
|
| 650 |
0 |
0 |
|a Tree farms
|
| 998 |
|
|
|a JPSM
|
| 999 |
|
|
|a 0000004209
|b Monograph
|c Open Shelf
|e Default branch
|